00520nam a2200193 a 4500001001300000003000900013005001700022008004100039020001000080082001700090100002500107245004900132260004400181300000900225500003500234505001000269650002200279700002500301nice12345678IN_TiNIC20260116013708.0050524s1977 lona grp 000 0 eng  ac22500a954.092bBOS aBose, Subhas Chandra aIndian Pilgrimb an Unfinished Autobiography aLondan bOxford University Press c1977 a280p aincludes index and biblioraphy2 aIndex aBiography-Indians1 aBose, Subhas Chandra